000 00721nam a2200181 i 4500
001 39395
003 ES-MaACL
005 20250901205745.0
007 t|
008 030303s1964 sp ||||1| spa d
110 2 _aCámara Oficial de Comercio e Industria de León
_92381
245 1 0 _aMemoria comercial y estudio sobre el desarrollo de los negocios en la provincia de León
_b: memoria de trabajos :[años 1962-63] /
_cCámara Oficial de Comercio e Industria de León.
260 _a[León :
_bs.n.,
_c1964] (
_fImp. Casado)
300 _a203 p. :
_bil. ;
_c28 cm.
610 2 4 _aCámara Oficial de Comercio e Industria de León-
_vMemorias.
_9170434
852 _aES-MaACL
_jC-35762
_bR.67057
999 _c39395
_d39395